The evolution of calpurnia tate / (Record no. 3710)

MARC details
000 -LEADER
fixed length control field 00874nam a22002417a 4500
001 - CONTROL NUMBER
control field 3710
003 - CONTROL NUMBER IDENTIFIER
control field FISKH
005 - DATE AND TIME OF LATEST TRANSACTION
control field 20240423141450.0
008 - FIXED-LENGTH DATA ELEMENTS--GENERAL INFORMATION
fixed length control field 240423b cb ||||| |||| 00| 0 eng d
040 ## - CATALOGING SOURCE
Original cataloging agency FISK
Language of cataloging eng
Transcribing agency FISK
Modifying agency FISK
050 ## - LIBRARY OF CONGRESS CALL NUMBER
Classification number PZ7.K296184
082 ## - DEWEY DECIMAL CLASSIFICATION NUMBER
Classification number 813.6
100 ## - MAIN ENTRY--PERSONAL NAME
Personal name Kelly Jacqueline
Dates associated with a name 1954-
245 ## - TITLE STATEMENT
Title The evolution of calpurnia tate /
Remainder of title Jacqueline Kelly
260 ## - PUBLICATION, DISTRIBUTION, ETC.
Place of publication, distribution, etc. New York :
Name of publisher, distributor, etc. Scholastic,
Date of publication, distribution, etc. 2010
300 ## - PHYSICAL DESCRIPTION
Extent 340 pages :
Dimensions 22 cm
505 ## - FORMATTED CONTENTS NOTE
Formatted contents note O
520 ## - SUMMARY, ETC.
Summary, etc. In central Texas in 1899, eleven-year-old Callie Vee Tate is instructed to be a lady by her mother, learns about love from the older three of her six brothers, and studies the natural world with her grandfather, the latter of which leads to an important discovery.
521 8# - TARGET AUDIENCE NOTE
Target audience note 830
Source Lexile
700 ## - ADDED ENTRY--PERSONAL NAME
Personal name Jacqueline Kelly
942 ## - ADDED ENTRY ELEMENTS (KOHA)
Source of classification or shelving scheme Library of Congress Classification
Koha item type Books
Suppress in OPAC No
Holdings
Withdrawn status Lost status Source of classification or shelving scheme Damaged status Not for loan Collection Home library Current library Shelving location Date acquired Total Checkouts Full call number Barcode Date last seen Copy number Price effective from Koha item type
    Library of Congress Classification     Fiction Footprints International School Library Network Toul Kork Campus Footprints International School Library Network Toul Kork Campus TTP Secondary Fiction Bookshelves 04/23/2024   KEL PZ7.K296184 813.6 2024-0498 04/23/2024 1 04/23/2024 Books